000 00777nam a2200193Ii 4500
003 JO-AjNU
008 230605s9999||||xx |||||||||||||| ||und||
040 _aJO-AjNU
_bara
_erda
_cJO-AjNU
041 _aara
050 1 4 _aPJ7750.A25.Z757 1900
100 3 _aتأليف الخطيب،عبد الكريم,
_eauthor
_918456
245 0 0 _aرهين المحبسين أبو العلاء المعري بين الإيمان .. والإلحاد: دراسة أدبية إجتماعية دينية فلسفية
264 3 1 _aعمان:دار الفكر،1900
300 _a127ص
336 _atext
_btxt
_2rdacontent
337 _aunmediated
_bn
_2rdamedia
338 _avolume
_bnc
_2rdacarrier
650 4 _a الشعر العربي - تاريخ ونقد - العصر العباسي
_918457
999 _aA5906
_c9474
_d9474